000 00608nam a2200229Ia 4500
005 20250425162231.0
008 250425s9999 xx 000 0 und d
020 _a8420503568
041 _aspa
082 _a628.53
100 _aDEL GIORGIO, JUAN A.
245 0 _aCONTAMINACION ATMOSFERICA: METODOS DE MEDIDA Y REDES DE VIGILANCIA
250 _a1A ED.
260 _aEspaƱa
_bALHAMBRA
_c1977
260 _aMADRID
300 _a176
650 _aCONTAMINACION ATMOSFERICA
650 _aCONTAMINACION-EQUIPO DE CONTROL
650 _aSENSORES DE CONTAMINACION
942 _c01
010 _a58259
999 _c225079
_d225079